000 00371nam a22001697a 4500
003 OSt
005 20211008133157.0
008 211008b |||||||| |||| 00| 0 eng d
040 _chu
082 _a332.6
100 _aDougall Herbert E,
_911651
245 _aInvestments
250 _a9ed
260 _aEngiewood
_bINC
_c1973
300 _a599
942 _2ddc
_cBOOKS
_n0
999 _c10812
_d10812